[Event "SVK-chT2A 1920"]
[Site "Slovakia"]
[Date "2020.02.16"]
[Round "9.6"]
[White "Bohunicky, Ivan"]
[Black "Kuna, Vladimir"]
[Result "1/2-1/2"]
[WhiteElo "1897"]
[BlackElo "1956"]
[PlyCount "75"]
[EventDate "2019.10.26"]
[EventType "team-tourn"]
[EventRounds "11"]
[EventCountry "SVK"]
[SourceTitle "CBM 195 Extra"]
[Source "ChessBase"]
[SourceDate "2020.05.31"]
[SourceVersion "1"]
[SourceVersionDate "2020.05.31"]
[SourceQuality "1"]
[WhiteTeam "Cifer"]
[BlackTeam "Bratislava Slovan IV"]
[WhiteTeamCountry "SVK"]
[BlackTeamCountry "SVK"]

1. d4 d5 2. c4 e6 3. Nc3 Nf6 4. Bg5 c6 5. e3 Be7 6. Nf3 0-0 7. Bd3 dxc4 8. Bxc4 Nd5 9. Bxe7 Qxe7 10. Rc1 Nd7 11. 0-0 Nxc3 12. Rxc3 e5 13. dxe5 Nxe5 14. Be2 Bf5 15. Qc1 Nxf3+ 16. Bxf3 Rfd8 17. Re1 Rd7 18. e4 Be6 19. b3 Rad8 20. Qe3 a6 21. Rec1 h6 22. Be2 Qa3 23. R3c2 Qb4 24. f3 Rd2 25. Kf2 Qd6 26. Rxd2 Qxd2 27. Rd1 Qa5 28. Rxd8+ Qxd8 29. g3 Qa5 30. a4 Qb4 31. Bd1 b5 32. axb5 cxb5 33. f4 Qd6 34. Bc2 Qc6 35. Qd3 Qc5+ 36. Kg2 g6 37. h3 h5 38. f5 1/2-1/2

[Event "SVK-chT2A 1920"]
[Site "Slovakia"]
[Date "2020.01.26"]
[Round "7.7"]
[White "Lukacovic, Miroslav"]
[Black "Bohunicky, Ivan"]
[Result "1-0"]
[WhiteElo "1928"]
[BlackElo "1897"]
[PlyCount "109"]
[EventDate "2019.10.26"]
[EventType "team-tourn"]
[EventRounds "11"]
[EventCountry "SVK"]
[SourceTitle "CBM 194 Extra"]
[Source "ChessBase"]
[SourceDate "2020.03.31"]
[SourceVersion "1"]
[SourceVersionDate "2020.03.31"]
[SourceQuality "1"]
[WhiteTeam "Trnava Sered"]
[BlackTeam "Cifer"]
[WhiteTeamCountry "SVK"]
[BlackTeamCountry "SVK"]

1. d4 Nf6 2. c4 e6 3. Nc3 d5 4. Nf3 Be7 5. e3 0-0 6. Bd3 dxc4 7. Bxc4 b6 8. 0-0 Bb7 9. Qe2 Ne4 10. Rd1 Nxc3 11. bxc3 Qc8 12. e4 Ba6 13. Ne5 Bxc4 14. Qxc4 Bd6 15. f4 Qa6 16. Be3 Bxe5 17. Qxa6 Nxa6 18. fxe5 c6 19. Rd2 h6 20. c4 Rfe8 21. Bf4 Rac8 22. Rb1 Red8 23. Rb3 Rd7 24. Ra3 Nb8 25. Kf2 Rcd8 26. Rad3 Na6 27. Ke3 Kf8 28. Ra3 Nb8 29. h4 Rb7 30. h5 Ke8 31. g4 Nd7 32. g5 hxg5 33. Bxg5 Rc8 34. h6 gxh6 35. Bxh6 f6 36. Rg2 Nf8 37. Rg8 Rf7 38. Rxa7 fxe5 39. Rxf7 Kxf7 40. Rg7+ Kf6 41. dxe5+ Kxe5 42. Rg8 Ra8 43. Bg7+ Kd6 44. Bxf8+ Kd7 45. Rg7+ Ke8 46. Bd6 Rxa2 47. Kd4 Ra5 48. Rb7 e5+ 49. Bxe5 b5 50. c5 Ra4+ 51. Ke3 Rc4 52. Bd6 Rc3+ 53. Kf4 Rh3 54. e5 b4 55. e6 1-0

[Event "SVK-chT2A 1920"]
[Site "Slovakia"]
[Date "2019.11.17"]
[Round "4.7"]
[White "Musaev, Matej Elbek"]
[Black "Bohunicky, Ivan"]
[Result "1-0"]
[WhiteElo "1670"]
[BlackElo "1914"]
[PlyCount "101"]
[EventDate "2019.10.26"]
[EventType "team-tourn"]
[EventRounds "11"]
[EventCountry "SVK"]
[SourceTitle "CBM 193 Extra"]
[Source "ChessBase"]
[SourceDate "2020.01.31"]
[SourceVersion "1"]
[SourceVersionDate "2020.01.31"]
[SourceQuality "1"]
[WhiteTeam "Piestany Kupele"]
[BlackTeam "Cifer"]
[WhiteTeamCountry "SVK"]
[BlackTeamCountry "SVK"]

1. e4 d5 2. exd5 Nf6 3. d4 Nxd5 4. c4 Nf6 5. Nc3 g6 6. h3 Bg7 7. Nf3 0-0 8. Be2 c5 9. d5 Ne8 10. Ne4 Nd6 11. Nxd6 Qxd6 12. 0-0 Nd7 13. Qc2 Nf6 14. Bd2 Bf5 15. Qb3 b6 16. Bc3 Nd7 17. Bxg7 Kxg7 18. Nh4 Qf6 19. Nxf5+ gxf5 20. Qe3 f4 21. Qe4 Ne5 22. Rae1 Rae8 23. Bd1 Ng6 24. b3 Rg8 25. Kh2 Kf8 26. Rg1 Qb2 27. Re2 Qf6 28. Ree1 Qh4 29. Qc2 Qf6 30. Bf3 Kg7 31. Bg4 Rd8 32. Bf5 Rge8 33. Bxg6 hxg6 34. Re4 g5 35. Qd2 Rg8 36. Rge1 Rge8 37. Qe2 Kf8 38. Qg4 Rd6 39. Re5 Qh6 40. Rxg5 Rg6 41. Rxg6 Qxg6 42. Qxf4 Rd8 43. Qh4 Qd6+ 44. g3 Ke8 45. Qg4 Qf6 46. Re2 Kf8 47. Kg2 b5 48. Qf3 bxc4 49. Qxf6 exf6 50. bxc4 a5 51. Rb2 1-0

[Event "SVK-chT2A 1920"]
[Site "Slovakia"]
[Date "2019.11.16"]
[Round "3.7"]
[White "Bohunicky, Ivan"]
[Black "Hrubsa, Marian"]
[Result "1-0"]
[WhiteElo "1914"]
[BlackElo "1852"]
[PlyCount "111"]
[EventDate "2019.10.26"]
[EventType "team-tourn"]
[EventRounds "11"]
[EventCountry "SVK"]
[SourceTitle "CBM 193 Extra"]
[Source "ChessBase"]
[SourceDate "2020.01.31"]
[SourceVersion "1"]
[SourceVersionDate "2020.01.31"]
[SourceQuality "1"]
[WhiteTeam "Cifer"]
[BlackTeam "Skalica"]
[WhiteTeamCountry "SVK"]
[BlackTeamCountry "SVK"]

1. d4 d5 2. c4 e6 3. Nc3 Nf6 4. Bg5 Nbd7 5. Nf3 c6 6. e3 Qa5 7. Nd2 Bb4 8. Qc2 Ne4 9. Ndxe4 dxe4 10. Bf4 f5 11. Be2 Be7 12. 0-0 0-0 13. h3 Nf6 14. Qd2 Rd8 15. Nxe4 Qxd2 16. Nxd2 Nd7 17. Nf3 h6 18. Rfd1 g5 19. Bh2 Rf8 20. Ne5 Nxe5 21. Bxe5 Bd7 22. Bf3 Rac8 23. Rac1 Kh7 24. d5 exd5 25. cxd5 cxd5 26. Bxd5 b6 27. Bb7 Rxc1 28. Rxc1 Be6 29. Rc7 Rf7 30. Bf3 Bc5 31. Rxf7+ Bxf7 32. a3 Bb3 33. Be2 Kg6 34. Bd3 h5 35. g4 hxg4 36. hxg4 Be6 37. b4 Be7 38. Bb8 a5 39. bxa5 bxa5 40. a4 Kf6 41. Bxf5 Bxf5 42. gxf5 Kxf5 43. Bc7 Bb4 44. f3 Bc3 45. Kf2 Ke6 46. Bd8 Kf5 47. e4+ Kg6 48. Ke3 Kh5 49. Kd3 Be1 50. Kc4 g4 51. fxg4+ Kxg4 52. Kb5 Kf4 53. Bxa5 Bf2 54. Bc7+ Kxe4 55. a5 Ba7 56. Kc6 1-0

[Event "SVK-chT2A 1920"]
[Site "Slovakia"]
[Date "2019.10.27"]
[Round "2.7"]
[White "Bohunicky, Ivan"]
[Black "Hrdlicka, Martin"]
[Result "0-1"]
[WhiteElo "1922"]
[BlackElo "1685"]
[PlyCount "114"]
[EventDate "2019.10.26"]
[EventType "team-tourn"]
[EventRounds "11"]
[EventCountry "SVK"]
[SourceTitle "CBM 193 Extra"]
[Source "ChessBase"]
[SourceDate "2020.01.31"]
[SourceVersion "1"]
[SourceVersionDate "2020.01.31"]
[SourceQuality "1"]
[WhiteTeam "Cifer"]
[BlackTeam "Osuske II"]
[WhiteTeamCountry "SVK"]
[BlackTeamCountry "SVK"]

1. d4 d5 2. c4 c6 3. Nc3 Nf6 4. cxd5 cxd5 5. Nf3 e6 6. Bg5 Be7 7. e3 0-0 8. Bd3 b6 9. Qe2 Bb7 10. 0-0 Nc6 11. Rac1 Qd7 12. Bb5 a6 13. Ne5 Qd6 14. Bxc6 Bxc6 15. Nxc6 Qxc6 16. Ne4 Qd7 17. Nxf6+ Bxf6 18. Bxf6 gxf6 19. f4 Kh8 20. Rf3 Rg8 21. Rh3 Rg7 22. Qc2 Rag8 23. Rf3 Qb5 24. Rf2 h5 25. Rd2 h4 26. Qc6 Qa5 27. Rdc2 b5 28. a3 f5 29. Qc5 Kh7 30. Qe7 Rxg2+ 31. Rxg2 Rxg2+ 32. Kxg2 Qd2+ 33. Kf3 Qxc1 34. Qxf7+ Kh8 35. Qf6+ Kh7 36. Qxh4+ Kg6 37. Qg5+ Kf7 38. Qh5+ Ke7 39. Qh4+ Kd7 40. Qf2 Qd1+ 41. Qe2 Qh1+ 42. Kg3 Qg1+ 43. Kh4 Kd6 44. Qf3 Qxh2+ 45. Kg5 Qxb2 46. Qh5 Qg2+ 47. Kf6 Qg8 48. Qe2 Qf8+ 49. Kg6 Ke7 50. Qc2 Qf7+ 51. Kh6 Qf6+ 52. Kh7 Qh4+ 53. Kg6 Qg4+ 54. Kh7 Kf6 55. Qc7 Qg6+ 56. Kh8 Qe8+ 57. Kh7 Qe7+ 0-1

[Event "SVK-chT4 A22 1819"]
[Site "Slovakia"]
[Date "2019.02.03"]
[Round "8.1"]
[White "Vegh, Vince"]
[Black "Bohunicky, Ivan"]
[Result "1/2-1/2"]
[WhiteElo "1933"]
[BlackElo "1920"]
[PlyCount "52"]
[EventDate "2018.10.14"]
[EventType "team-tourn"]
[EventRounds "11"]
[EventCountry "SVK"]
[SourceTitle "EXT 2020"]
[Source "ChessBase"]
[SourceDate "2019.10.17"]
[SourceVersion "1"]
[SourceVersionDate "2019.10.17"]
[SourceQuality "1"]

1. e4 d5 2. exd5 Nf6 3. d4 Nxd5 4. Nf3 Bf5 5. Bd3 Bxd3 6. Qxd3 c6 7. 0-0 e6 8. c4 Nb6 9. Nc3 Be7 10. Bf4 0-0 11. Rad1 Qc8 12. Ng5 Bxg5 13. Bxg5 Qc7 14. a4 a5 15. b3 N8d7 16. Qh3 Rae8 17. Rfe1 Nc8 18. Re3 Ne7 19. Red3 Ng6 20. Bc1 Rc8 21. Qf3 Rfe8 22. g3 Nf6 23. Bg5 Nd7 24. h4 f6 25. Bc1 e5 26. d5 Nc5 1/2-1/2

[Event "SVK-chT3A2 1819"]
[Site "Slovakia"]
[Date "2019.01.13"]
[Round "6.1"]
[White "Bohunicky, Ivan"]
[Black "Barca, Michal"]
[Result "1-0"]
[WhiteElo "1896"]
[BlackElo "1752"]
[PlyCount "147"]
[EventDate "2018.10.07"]
[EventType "team-tourn"]
[EventRounds "11"]
[EventCountry "SVK"]
[SourceTitle "EXT 2020"]
[Source "ChessBase"]
[SourceDate "2019.10.17"]
[SourceVersion "1"]
[SourceVersionDate "2019.10.17"]
[SourceQuality "1"]
[WhiteTeam "Cifer"]
[BlackTeam "Hlohovec"]
[WhiteTeamCountry "SVK"]
[BlackTeamCountry "SVK"]

1. d4 Nf6 2. c4 e6 3. Nc3 Bb4 4. e3 0-0 5. Bd3 b6 6. Nge2 Bb7 7. 0-0 d5 8. Ng3 Re8 9. Bd2 Nbd7 10. Qc2 Nf8 11. Rac1 Qd7 12. Nxd5 Nxd5 13. cxd5 Bxd2 14. dxe6 Nxe6 15. Qxd2 g6 16. Bc4 Bd5 17. b3 Rad8 18. Bxd5 Qxd5 19. Qe2 Nxd4 20. Qc4 Qxc4 21. Rxc4 Ne6 22. b4 Kf8 23. h4 Rd2 24. a3 f5 25. Rfc1 Red8 26. Nf1 Ra2 27. R4c3 h6 28. g3 Ke7 29. Kg2 g5 30. hxg5 hxg5 31. R1c2 Rxc2 32. Rxc2 Rd3 33. Ra2 a5 34. bxa5 bxa5 35. Nd2 Rc3 36. Kf1 c5 37. Ke2 Nc7 38. Nf1 Rb3 39. Nd2 Rb7 40. Kd3 a4 41. Kc4 Ne6 42. Kd5 Kf7 43. Nc4 f4 44. Rb2 Rd7+ 45. Nd6+ Ke7 46. Rb7 Nc7+ 47. Kxc5 Ke6 48. Rb6 Nd5 49. Ra6 Nc7 50. Rc6 Ke5 51. Nc4+ Ke4 52. Rd6 Rxd6 53. Nxd6+ Kf3 54. exf4 gxf4 55. gxf4 Kxf4 56. Kb4 Kf3 57. Kxa4 Kxf2 58. Kb4 Ke3 59. Kc5 Kd3 60. a4 Na6+ 61. Kb5 Nc7+ 62. Kc6 Na6 63. Kb5 Nc7+ 64. Kb6 Nd5+ 65. Kc6 Nb4+ 66. Kb5 Kc3 67. Ne4+ Kb3 68. a5 Nd5 69. Nc5+ Kc3 70. Na6 Kd4 71. Nb4 Nc7+ 72. Kc6 Ne6 73. a6 Nd8+ 74. Kc7 1-0

[Event "SVK-chT4 A22 1819"]
[Site "Slovakia"]
[Date "2019.01.06"]
[Round "6.2"]
[White "Bohunicky, Ivan"]
[Black "Bukovsky, Milan"]
[Result "1/2-1/2"]
[WhiteElo "1920"]
[BlackElo "1914"]
[PlyCount "88"]
[EventDate "2018.10.14"]
[EventType "team-tourn"]
[EventRounds "11"]
[EventCountry "SVK"]
[SourceTitle "EXT 2020"]
[Source "ChessBase"]
[SourceDate "2019.10.17"]
[SourceVersion "1"]
[SourceVersionDate "2019.10.17"]
[SourceQuality "1"]

1. d4 e6 2. c4 Nf6 3. Nf3 b6 4. Nc3 Bb7 5. e3 Be7 6. Be2 0-0 7. 0-0 d5 8. b3 Nbd7 9. Bb2 c5 10. Rc1 Rc8 11. Re1 cxd4 12. Nxd4 dxc4 13. Bxc4 Ne5 14. Bf1 Bb4 15. a3 Bd6 16. h3 Qe7 17. Ncb5 Bb8 18. a4 Rxc1 19. Qxc1 Rc8 20. Qa1 a6 21. Na3 Ne4 22. f3 Nc5 23. Nc4 Nxc4 24. Bxc4 Qg5 25. Re2 e5 26. f4 exf4 27. Qf1 f3 28. Nxf3 Qg3 29. Qf2 Ne4 30. Qxg3 Bxg3 31. Be5 Bxe5 32. Nxe5 Nd6 33. Rf2 Nxc4 34. Nxc4 b5 35. axb5 axb5 36. Nd6 Rc1+ 37. Kh2 Bd5 38. Rf5 Bc6 39. b4 Rc2 40. e4 f6 41. Kg3 Kf8 42. Rf2 Rc3+ 43. Rf3 Rc2 44. Rf2 Rc3+ 1/2-1/2

[Event "SVK-chT3A2 1819"]
[Site "Slovakia"]
[Date "2018.10.21"]
[Round "2.3"]
[White "Bohunicky, Ivan"]
[Black "Lanik, Miroslav"]
[Result "1-0"]
[WhiteElo "1896"]
[BlackElo "1850"]
[PlyCount "101"]
[EventDate "2018.10.07"]
[EventType "team-tourn"]
[EventRounds "11"]
[EventCountry "SVK"]
[SourceTitle "EXT 2020"]
[Source "ChessBase"]
[SourceDate "2019.10.17"]
[SourceVersion "1"]
[SourceVersionDate "2019.10.17"]
[SourceQuality "1"]
[WhiteTeam "Cifer"]
[BlackTeam "Senica SK"]
[WhiteTeamCountry "SVK"]
[BlackTeamCountry "SVK"]

1. d4 d5 2. c4 c6 3. Nf3 Nf6 4. Nc3 e6 5. Bg5 Nbd7 6. e3 Qa5 7. Bxf6 Nxf6 8. Nd2 Bb4 9. Qc2 0-0 10. Bd3 h6 11. 0-0 Bd7 12. c5 e5 13. Nb3 Qc7 14. dxe5 Ng4 15. Nd1 Nxe5 16. a3 Nxd3 17. Qxd3 Ba5 18. Nxa5 Qxa5 19. b4 Qc7 20. Nc3 Qe5 21. Rac1 Bf5 22. Qd4 Qxd4 23. exd4 Bd3 24. Rfe1 Rfe8 25. f3 Kf8 26. Kf2 a5 27. b5 cxb5 28. Nxd5 Rad8 29. Rxe8+ Kxe8 30. Ke3 Bc4 31. Nb6 Bb3 32. Ke4 Kf8 33. d5 Re8+ 34. Kd4 Re2 35. c6 bxc6 36. dxc6 Be6 37. g4 Rxh2 38. c7 Rf2 39. c8Q+ Bxc8 40. Rxc8+ Ke7 41. Rc3 g6 42. Rd3 h5 43. Nd5+ Kf8 44. Ke3 Rh2 45. g5 Rg2 46. Kf4 h4 47. Ne3 Rg1 48. Rd1 Rg3 49. Rh1 b4 50. axb4 axb4 51. Rxh4 1-0

[Event "SVK-chT4 A22 1718"]
[Site "Slovakia"]
[Date "2018.02.11"]
[Round "9.4"]
[White "Zarecky, Eduard"]
[Black "Bohunicky, Ivan"]
[Result "0-1"]
[WhiteElo "1823"]
[BlackElo "1971"]
[PlyCount "54"]
[EventDate "2017.10.01"]
[EventType "team-tourn"]
[EventRounds "11"]
[EventCountry "SVK"]
[SourceTitle "EXT 2020"]
[Source "ChessBase"]
[SourceDate "2019.10.17"]
[SourceVersion "1"]
[SourceVersionDate "2019.10.17"]
[SourceQuality "1"]

1. d4 Nf6 2. c4 e6 3. a3 c5 4. e3 d5 5. dxc5 Bxc5 6. b4 Be7 7. c5 0-0 8. Bd3 b6 9. cxb6 Qxb6 10. Bb2 Bd7 11. Nf3 a5 12. Bd4 Qb7 13. bxa5 Rxa5 14. 0-0 Nc6 15. Bc3 Raa8 16. Ne5 Nxe5 17. Bxe5 Rfc8 18. a4 Bc6 19. f3 Nd7 20. Bc3 Qa7 21. Bd4 Bc5 22. Rf2 Bxd4 23. exd4 Bxa4 24. Bc2 Bxc2 25. Rxa7 Bxd1 26. Rxd7 Rc1 27. Rb7 Be2+ 0-1

[Event "SVK-chT4 A22 1718"]
[Site "Slovakia"]
[Date "2017.11.12"]
[Round "4.6"]
[White "Bohunicky, Ivan"]
[Black "Bisco, Igor"]
[Result "1/2-1/2"]
[WhiteElo "1971"]
[BlackElo "2065"]
[PlyCount "65"]
[EventDate "2017.10.01"]
[EventType "team-tourn"]
[EventRounds "11"]
[EventCountry "SVK"]
[SourceTitle "EXT 2020"]
[Source "ChessBase"]
[SourceDate "2019.10.17"]
[SourceVersion "1"]
[SourceVersionDate "2019.10.17"]
[SourceQuality "1"]

1. d4 Nf6 2. c4 g6 3. Nc3 Bg7 4. g3 0-0 5. Bg2 c5 6. e3 Nc6 7. Nge2 cxd4 8. exd4 d6 9. 0-0 Bg4 10. Be3 Rb8 11. Qd2 a6 12. Rac1 Bd7 13. h3 Qa5 14. Kh2 Rfc8 15. Nf4 b5 16. c5 dxc5 17. dxc5 Rd8 18. Qe2 e5 19. Nfd5 Nxd5 20. Nxd5 Re8 21. Nb6 Nd4 22. Qe1 Qxe1 23. Rfxe1 Be6 24. Bxd4 exd4 25. Bd5 d3 26. Rcd1 Bxb2 27. Bxe6 Rxe6 28. Rxe6 fxe6 29. Rxd3 e5 30. Rd5 Bd4 31. Nd7 Rc8 32. Nf6+ Kf7 33. Ne4 1/2-1/2

[Event "SVK-chT4 A22 1718"]
[Site "Slovakia"]
[Date "2017.10.15"]
[Round "2.6"]
[White "Meszaros, Lorant"]
[Black "Bohunicky, Ivan"]
[Result "1-0"]
[WhiteElo "1931"]
[BlackElo "1971"]
[PlyCount "91"]
[EventDate "2017.10.01"]
[EventType "team-tourn"]
[EventRounds "11"]
[EventCountry "SVK"]
[SourceTitle "EXT 2020"]
[Source "ChessBase"]
[SourceDate "2019.10.17"]
[SourceVersion "1"]
[SourceVersionDate "2019.10.17"]
[SourceQuality "1"]

1. d4 Nf6 2. c4 e6 3. g3 d5 4. Bg2 c5 5. cxd5 exd5 6. Nf3 Nc6 7. 0-0 Bf5 8. Nc3 Be7 9. dxc5 Bxc5 10. Nh4 Be6 11. Bg5 Be7 12. Bxf6 Bxf6 13. Nxd5 Bxh4 14. gxh4 0-0 15. Nf4 Qxh4 16. Nxe6 fxe6 17. Qb3 Nd4 18. Qe3 Rf6 19. Rad1 Rh6 20. h3 Nf5 21. Qe4 Rg6 22. Kh2 Rf8 23. Qxh4 Nxh4 24. Bxb7 Rgf6 25. b3 Nf5 26. Rd3 Nh4 27. Rd4 Nf5 28. Rf4 Rd8 29. Ba6 Kf7 30. Bd3 Nd4 31. Rxf6+ Kxf6 32. Rc1 Rd7 33. Kg2 e5 34. f3 g6 35. Kf2 Kg5 36. Kg3 Kf6 37. Rc5 Ke7 38. Rxe5+ Kf6 39. Ra5 Ke7 40. Ra6 Ne6 41. Bc4 Ng7 42. Kf2 Rc7 43. Bg8 g5 44. Bxh7 Ne6 45. Kg3 Nd4 46. Bd3 1-0

[Event "SVK-chT4 A22 1617"]
[Site "Slovakia"]
[Date "2017.02.26"]
[Round "10.6"]
[White "Bohunicky, Ivan"]
[Black "Meszaros, Lorant"]
[Result "1-0"]
[WhiteElo "1953"]
[BlackElo "2024"]
[PlyCount "77"]
[EventDate "2016.10.09"]
[EventType "team-tourn"]
[EventRounds "11"]
[EventCountry "SVK"]
[SourceTitle "EXT 2020"]
[Source "ChessBase"]
[SourceDate "2019.10.17"]
[SourceVersion "1"]
[SourceVersionDate "2019.10.17"]
[SourceQuality "1"]

1. d4 f5 2. c4 Nf6 3. Nc3 e6 4. g3 d5 5. cxd5 exd5 6. Bg2 c6 7. Nf3 Bd6 8. 0-0 0-0 9. Bg5 h6 10. Bc1 Nbd7 11. Nh4 Ne4 12. Qd3 Qf6 13. f4 b5 14. Nf3 Nxc3 15. Qxc3 Bb7 16. Ne5 Nb6 17. Be3 a5 18. Rac1 Rfc8 19. Bh3 Nc4 20. Bf2 Rc7 21. Qc2 Rf8 22. b3 Na3 23. Qd3 b4 24. Bg2 Qe6 25. Rfd1 g6 26. Rd2 Kg7 27. Bf3 Ra8 28. g4 Bxe5 29. gxf5 gxf5 30. fxe5 f4 31. Kh1 Kf8 32. Bh4 Ba6 33. Rxc6 Rxc6 34. Qh7 Rc1+ 35. Kg2 Rac8 36. Kf2 Qf7 37. Qxh6+ Kg8 38. Bf6 Qh7 39. Bxd5+ 1-0

[Event "SVK-chT4 A22 1617"]
[Site "Slovakia"]
[Date "2017.01.29"]
[Round "8.6"]
[White "Puchart, Vladimir"]
[Black "Bohunicky, Ivan"]
[Result "1-0"]
[WhiteElo "2056"]
[BlackElo "1953"]
[PlyCount "145"]
[EventDate "2016.10.09"]
[EventType "team-tourn"]
[EventRounds "11"]
[EventCountry "SVK"]
[SourceTitle "EXT 2020"]
[Source "ChessBase"]
[SourceDate "2019.10.17"]
[SourceVersion "1"]
[SourceVersionDate "2019.10.17"]
[SourceQuality "1"]

1. d4 Nf6 2. c4 e6 3. g3 d5 4. Bg2 c5 5. Nf3 Nc6 6. 0-0 Be7 7. dxc5 Bxc5 8. Bg5 Be7 9. cxd5 Nxd5 10. Bxe7 Qxe7 11. e4 Nf6 12. Nc3 0-0 13. e5 Nd7 14. Qe2 Nb6 15. Rac1 Nb4 16. Nd4 a6 17. Qh5 Rd8 18. Rfd1 Rb8 19. Be4 h6 20. Nf3 N6d5 21. Nh4 Qg5 22. Qxg5 hxg5 23. Nf3 f6 24. exf6 gxf6 25. h4 g4 26. Nh2 f5 27. Nxd5 exd5 28. Bb1 Be6 29. Nf1 d4 30. Nd2 Kf7 31. Rc7+ Kf6 32. Re1 Nd5 33. Rh7 Rh8 34. Rxh8 Rxh8 35. Nb3 f4 36. Nxd4 Bd7 37. Be4 Bc6 38. Nxc6 bxc6 39. Bxd5 cxd5 40. gxf4 d4 41. Kg2 d3 42. Kg3 d2 43. Rd1 Rd8 44. Kxg4 Rd3 45. h5 Ke6 46. Kg5 Kf7 47. h6 a5 48. f5 Rd4 49. f3 a4 50. a3 Rd3 51. Kf4 Kf6 52. Ke4 Rd6 53. h7 Kg7 54. Ke3 Kxh7 55. Rxd2 Rb6 56. Kf4 Kg7 57. Kg5 Rb3 58. Rd7+ Kf8 59. Ra7 Rxb2 60. Rxa4 Rb3 61. Ra7 Rxf3 62. Kf6 Ke8 63. a4 Rc3 64. Re7+ Kf8 65. a5 Rh3 66. Re6 Rh6+ 67. Ke5 Rh7 68. a6 Ra7 69. Rb6 Ke8 70. f6 Ra8 71. Ke6 Kf8 72. a7 Re8+ 73. Kf5 1-0

[Event "SVK-chT4 A22 1617"]
[Site "Slovakia"]
[Date "2016.10.09"]
[Round "1.5"]
[White "Bohunicky, Ivan"]
[Black "Bisco, Igor"]
[Result "0-1"]
[WhiteElo "1953"]
[BlackElo "2108"]
[PlyCount "64"]
[EventDate "2016.10.09"]
[EventType "team-tourn"]
[EventRounds "11"]
[EventCountry "SVK"]
[SourceTitle "EXT 2020"]
[Source "ChessBase"]
[SourceDate "2019.10.17"]
[SourceVersion "1"]
[SourceVersionDate "2019.10.17"]
[SourceQuality "1"]

1. d4 Nf6 2. c4 g6 3. g3 Bg7 4. Bg2 0-0 5. Nc3 c5 6. Nf3 Nc6 7. d5 Na5 8. Qd3 d6 9. 0-0 a6 10. e4 Rb8 11. Rb1 b5 12. cxb5 c4 13. Qe2 axb5 14. b4 cxb3 15. axb3 b4 16. Na4 Nxe4 17. Nh4 Nf6 18. Bd2 h6 19. Qe1 g5 20. Bxb4 Rxb4 21. Qxb4 gxh4 22. Nb6 h3 23. Bh1 Nb7 24. Nxc8 Qxc8 25. Rfc1 Nc5 26. Qc4 Qf5 27. Rf1 Nd3 28. b4 Rc8 29. Qa2 Ng4 30. Qe2 Ndxf2 31. Be4 Qxe4 32. Qxe4 Nxe4 0-1

[Event "SVK-chT4 A22 1415"]
[Site "Slovakia"]
[Date "2014.11.23"]
[Round "4.3"]
[White "Bohunicky, Ivan"]
[Black "Meszaros, Lorant"]
[Result "1-0"]
[WhiteElo "1947"]
[BlackElo "2071"]
[PlyCount "179"]
[EventDate "2014.10.12"]
[EventType "team-tourn"]
[EventRounds "11"]
[EventCountry "SVK"]
[SourceTitle "EXT 2019"]
[Source "ChessBase"]
[SourceDate "2018.10.10"]
[SourceVersion "1"]
[SourceVersionDate "2018.10.10"]
[SourceQuality "1"]

1. d4 f5 2. c4 Nf6 3. Nc3 g6 4. g3 Bg7 5. Bg2 d6 6. Qb3 c6 7. Nf3 0-0 8. 0-0 Ne4 9. Rd1 e6 10. Qc2 d5 11. c5 Nd7 12. b4 e5 13. Na4 exd4 14. Nxd4 Ne5 15. f3 Nf6 16. f4 Nc4 17. Nb2 Nxb2 18. Bxb2 Ng4 19. Rd3 Re8 20. Bc3 Ne3 21. Qd2 Qe7 22. Re1 Bd7 23. Nf3 Nc4 24. Qc1 b6 25. Bxg7 Kxg7 26. Qc3+ Kg8 27. cxb6 axb6 28. Qb3 Ra3 29. Qb1 Ra4 30. b5 Rb4 31. Rb3 Rxb3 32. axb3 Ne3 33. bxc6 Bxc6 34. Ne5 Bb7 35. Qd3 Nxg2 36. Kxg2 d4+ 37. Kf2 Qc5 38. Qc4+ Bd5 39. Qxc5 bxc5 40. Nd7 Kf7 41. Nxc5 Rb8 42. Rd1 Rb5 43. Nd3 Bxb3 44. Rd2 Ke6 45. Nc1 Bd5 46. Rxd4 Rb1 47. Rd1 Bb3 48. Re1 Bc2 49. Ke3 Kd5 50. Kd2 Be4 51. Rd1 Kd4 52. Na2 Rb3 53. Ke1+ Ke3 54. Rc1 Rb2 55. Nc3 Bc2 56. Nd5+ Kd4 57. Nb4 Be4 58. Nc6+ Kd5 59. Ne5 Bc2 60. Kf2 Kd4 61. Ra1 Rb7 62. Ra2 Kc3 63. Ra8 Be4 64. Rc8+ Kd4 65. Rd8+ Kc5 66. Rd7 Kb6 67. Ke3 Rc7 68. Rxc7 Kxc7 69. Kd4 Bg2 70. Nf7 Kd7 71. Ke5 Ke7 72. Ng5 h6 73. Ne6 Kf7 74. h4 h5 75. Nc5 Bf1 76. e3 Be2 77. Kd6 Bf3 78. Nd7 Be4 79. Ne5+ Kf6 80. Kd7 Bg2 81. Ke8 Kg7 82. Ke7 Bb7 83. Nc4 Bd5 84. Nd6 Bc6 85. Nf7 Bb7 86. Nd8 Bd5 87. Ne6+ Bxe6 88. Kxe6 Kh8 89. Kf6 Kh7 90. Kf7 1-0

[Event "SVK-chT4 A22 1415"]
[Site "Slovakia"]
[Date "2014.11.09"]
[Round "3.4"]
[White "Puskas, Miroslav"]
[Black "Bohunicky, Ivan"]
[Result "0-1"]
[WhiteElo "1884"]
[BlackElo "1947"]
[PlyCount "170"]
[EventDate "2014.10.12"]
[EventType "team-tourn"]
[EventRounds "11"]
[EventCountry "SVK"]
[SourceTitle "EXT 2019"]
[Source "ChessBase"]
[SourceDate "2018.10.10"]
[SourceVersion "1"]
[SourceVersionDate "2018.10.10"]
[SourceQuality "1"]

1. e4 d5 2. exd5 Nf6 3. c4 c6 4. Nc3 cxd5 5. cxd5 Nxd5 6. Bb5+ Bd7 7. Qb3 Nf4 8. g3 Ne6 9. Nge2 Nc6 10. 0-0 a6 11. Bxc6 Bxc6 12. d4 Nxd4 13. Nxd4 Qxd4 14. Be3 Qg4 15. f3 Qh5 16. g4 Qe5 17. Bb6 e6 18. Rae1 Bc5+ 19. Kg2 Qd6 20. Bxc5 Qxc5 21. Ne4 Bxe4 22. Rxe4 0-0 23. Rc4 Qe5 24. Re4 Qg5 25. Rf2 b5 26. Kg3 Rfd8 27. h4 Qc5 28. g5 Rac8 29. a4 Qd6+ 30. Kg2 bxa4 31. Rxa4 Rb8 32. Qa3 Rb6 33. Qxd6 Rdxd6 34. Rc2 Kf8 35. Rac4 Ke7 36. Kg3 e5 37. Rc7+ Rd7 38. R7c5 f6 39. Re2 Rb4 40. Rc6 a5 41. Ra6 a4 42. Rc2 Kf7 43. gxf6 gxf6 44. Rcc6 Rf4 45. Rc3 Kg6 46. b3 axb3 47. Rxb3 Rdd4 48. Ra7 h5 49. Ra8 Rxh4 50. Rg8+ Kf7 51. Rh8 Kg7 52. Rbb8 Rh1 53. Rbf8 h4+ 54. Kg2 Rdd1 55. Rhg8+ Kh7 56. Rh8+ Kg6 57. Rfg8+ Kf5 58. Rh5+ Ke6 59. Rgh8 Rhe1 60. Kf2 Rf1+ 61. Kg2 Rg1+ 62. Kf2 Rg5 63. Rxh4 Ra1 64. Re4 Ra2+ 65. Re2 Ra3 66. Re8+ Kf5 67. Rh8 Ra1 68. Rh4 Rgg1 69. Rh5+ Kg6 70. Rh3 Raf1+ 71. Ke3 f5 72. Reh2 Kf6 73. Rh6+ Rg6 74. Rh8 Re1+ 75. Kf2 Ra1 76. R2h7 Ra2+ 77. Kf1 Kg5 78. Rh5+ Kf4 79. Rf8 Rg5 80. Rh3 Ke3 81. f4+ Kxf4 82. Rb8 e4 83. Rbb3 Rgg2 84. Rhe3 Rh2 85. Kg1 Rhb2 0-1

[Event "SVK-chT4 A22 1314"]
[Site "Slovakia"]
[Date "2014.01.12"]
[Round "6.2"]
[White "Bohunicky, Ivan"]
[Black "Markuliak, Mario"]
[Result "1-0"]
[WhiteElo "1936"]
[BlackElo "1819"]
[PlyCount "49"]
[EventDate "2013.10.06"]
[EventType "team-tourn"]
[EventRounds "11"]
[EventCountry "SVK"]
[SourceTitle "EXT 2015"]
[Source "ChessBase"]
[SourceDate "2014.11.20"]
[SourceVersion "1"]
[SourceVersionDate "2014.11.20"]
[SourceQuality "1"]
[WhiteTeam "Dolna Krupa SK"]
[BlackTeam "Cifer II"]
[WhiteTeamCountry "SVK"]
[BlackTeamCountry "SVK"]

1. d4 d6 2. g3 e5 3. dxe5 dxe5 4. Qxd8+ Kxd8 5. Bg2 c6 6. Nf3 f6 7. 0-0 Bc5 8. c3 Be6 9. Nbd2 a5 10. Ne4 Bb6 11. b3 Nd7 12. Ba3 Bd5 13. Nfd2 Nh6 14. Bh3 Kc7 15. Rfd1 Rad8 16. Bd6+ Kc8 17. Be7 Rdg8 18. Nd6+ Kc7 19. c4 Bc5 20. cxd5 Bxd6 21. Bxd6+ Kxd6 22. Nc4+ Kc7 23. dxc6 Nb6 24. Nxa5 bxc6 25. Rac1 1-0